000 00422nam a2200181 a 4500
001 0502
005 20140414131910.0
008 040117s19uu xx 00 eng d
020 _a
050 _aER
_bW63 1984
100 _aBaum, LF
245 _aWizard of Oz (The) /.
260 _aEngland :
_bLadybird,
_c1985.
300 _a51 p. ; cm.
440 _aWell loved tales
650 _aFolklore.
999 _c111152
_d111152